000 00750nam a22002657a 4500
003 CHAP
005 20220329135035.0
008 971013s1963 r 00010 d
010 _a29961
011 _a30933
035 _a35045
040 _cCHAP
082 _a624.183
_bL55 1963
100 0 0 _aLin, T.Y.
_966891
245 _aDesign of prestressed concrete structures
250 _a2 ed.
260 _aNew York :
_bWiley,
_c1963
300 _a614 p.
_b: ilus.
590 _aBATCH-UPD
_b10
_c20130110
_lUCH01
_h1934
590 _aCONVERSION
_b10
_c20130109
_lUCH01
_h1317
650 1 4 _aConcreto
_xConstrucciones.
_926304
901 _aBK
942 _cLIBRO
949 _a624.183 L55 1963
_bBC
_cLIBRO
_d33724000019121
_eLIBRO
_h18816
_i35045
_si
_t157.00
999 _c29961
_d29961